Country to City A - Z #3 ( less than 50) - Statistics

General Stats
  • This quiz has been taken 16 times
  • The average score is 17 of 40
Answer Stats
Cities Countries % Correct
Nouakchott Mauritania
86%
Hebron Palestine
86%
Perm Russia
79%
Batman Turkey
79%
Daugavpils Latvia
71%
Ibadan Nigeria
71%
Namur Belgium
64%
Porto Novo Benin
64%
Banja Luka Bosnia and Herzegovina
64%
Mostar Bosnia and Herzegovina
64%
Douala Cameroon
64%
Kosice Slovakia
64%
Herat Afghanistan
57%
Jena Germany
57%
Port Harcourt Nigeria
57%
Bialystok Poland
57%
Timisoara Romania
57%
Ujung Pandang Indonesia
43%
Laval Canada
36%
Cienfuegos Cuba
36%
Ust-Kamenogorsk Kazakhstan
36%
Quetta Pakistan
36%
Hrodna Belarus
29%
Latina Italy
29%
Zamboanga City Philippines
29%
Wad Madani Sudan
29%
Fayyum Egypt
21%
Jos Nigeria
21%
Dagupan Philippines
21%
Elblag Poland
21%
Qamishli Syria
21%
Elazig Turkey
21%
Formosa Argentina
14%
Quiemados Brazil
14%
Floridablanca Colombia
14%
Goma Democratic Republic of the Congo
14%
Zahedan Iran
14%
Focsani Romania
7%
Horlivka Ukraine
7%
Fergani Uzbekistan
7%
No matching quizzes found
Score Distribution
Percent of People with Each Score
Percentile by Number Answered
Your Score History
You have not taken this quiz